Mathematics and statistics : ICMA Foundation stage paper 4 (Record no. 64437)

000 -LEADER
fixed length control field 00395nam a22001577a 4500
003 - CONTROL NUMBER IDENTIFIER
control field NUST - PNEC
005 - DATE AND TIME OF LATEST TRANSACTION
control field 20170116180843.0
008 - FIXED-LENGTH DATA ELEMENTS--GENERAL INFORMATION
fixed length control field 150822b xxu||||| |||| 00| 0 eng d
020 ## - INTERNATIONAL STANDARD BOOK NUMBER
International Standard Book Number -
040 ## - CATALOGING SOURCE
Transcribing agency LIBRARY
082 ## - DEWEY DECIMAL CLASSIFICATION NUMBER
Classification number 510 ICM
100 ## - MAIN ENTRY--PERSONAL NAME
9 (RLIN) 5426
Personal name ICMA
245 ## - TITLE STATEMENT
Title Mathematics and statistics : ICMA Foundation stage paper 4
Statement of responsibility, etc. ICMA
650 ## - SUBJECT ADDED ENTRY--TOPICAL TERM
9 (RLIN) 5427
Topical term or geographic name entry element Mathematics
General subdivision ME
942 ## - ADDED ENTRY ELEMENTS (KOHA)
Source of classification or shelving scheme
Koha item type Book
Holdings
Withdrawn status Lost status Source of classification or shelving scheme Damaged status Not for loan Permanent Location Current Location Shelving location Date acquired Total Checkouts Full call number Barcode Date last seen Price effective from Koha item type
          Pakistan Navy Engineering College (PNEC) Pakistan Navy Engineering College (PNEC)       510 ICM PNECLIB-010232 08/22/2015   Book
© 2023 Central Library, National University of Sciences and Technology. All Rights Reserved.